Prof. G Ram Reddy Library

Starting strong II (Record no. 77091)

MARC details
000 -LEADER
fixed length control field 00499nam a2200181Ia 4500
003 - CONTROL NUMBER IDENTIFIER
control field LDD
008 - FIXED-LENGTH DATA ELEMENTS--GENERAL INFORMATION
fixed length control field 181029s9999 xx 000 0 und d
020 ## - INTERNATIONAL STANDARD BOOK NUMBER
International Standard Book Number 9264035451
Terms of availability P 43.00
040 ## - CATALOGING SOURCE
Transcribing agency LDD
245 #0 - TITLE STATEMENT
Title Starting strong II
Remainder of title early childhood education and care
260 ## - PUBLICATION, DISTRIBUTION, ETC.
Place of publication, distribution, etc. .
Name of publisher, distributor, etc. OECD
Date of publication, distribution, etc. 2006
300 ## - PHYSICAL DESCRIPTION
Extent 441 p. ; 2
365 ## - TRADE PRICE
Price amount P 43.00
901 ## - LOCAL DATA ELEMENT A, LDA (RLIN)
a 3552
b 24-11-2006
902 ## - LOCAL DATA ELEMENT B, LDB (RLIN)
a 8420
b 24-11-2006
c F
d OP
903 ## - LOCAL DATA ELEMENT C, LDC (RLIN)
a Discount-10
b Reqst by : Neerja Chadha
942 ## - ADDED ENTRY ELEMENTS (KOHA)
Source of classification or shelving scheme Dewey Decimal Classification
Koha item type Books
Holdings
Withdrawn status Lost status Source of classification or shelving scheme Damaged status Not for loan Home library Current library Total Checkouts Full call number Barcode Date last seen Cost, replacement price Price effective from Koha item type
No   Dewey Decimal Classification     Library and Documentation Division Library and Documentation Division   372.21 St11 060419 11/01/2018 3774.11 11/01/2018 Books

© Prof. G Ram Reddy Centre Library, Indira Gandhi National Open University, Maidan Garhi, New Delhi, 110068
+91-011-29532797 | FAX+91-011-29533393 |